Vincitori Campionato europeo di pallavolo femminile - Statistics

Statistiche generali
  • Questo quiz è stato fatto 33 volte
  • Il punteggio medio è 26 su 33
Statistiche sulle risposte
Edizione Squadra vincitrice % Corretto
2007 Italia
100%
2009 Italia
100%
2021 Italia
100%
1993 Russia
89%
1997 Russia
89%
1999 Russia
89%
2001 Russia
89%
2013 Russia
89%
2015 Russia
89%
1949 Unione Sovietica
89%
1950 Unione Sovietica
89%
1951 Unione Sovietica
89%
1958 Unione Sovietica
89%
1963 Unione Sovietica
89%
1967 Unione Sovietica
89%
1971 Unione Sovietica
89%
1975 Unione Sovietica
89%
1977 Unione Sovietica
89%
1979 Unione Sovietica
89%
1985 Unione Sovietica
89%
1989 Unione Sovietica
89%
1991 Unione Sovietica
89%
2011 Serbia
81%
2017 Serbia
81%
2019 Serbia
81%
2003 Polonia
78%
2005 Polonia
78%
2023 Turchia
74%
1995 Paesi Bassi
67%
1981 Bulgaria
41%
1955 Cecoslovacchia
41%
1983 Germania Est
19%
1987 Germania Est
19%
Nessun quiz corrispondente trovato
Distribuzione punteggi
Percentuale di utenti per punteggio
Percentile per numero di risposta
I tuoi punteggi nel tempo
Non hai fatto questo quiz